Katarína Zajacová violončelo

Bibliographic Details
Main Author: Planková, Eva (Author, Interviewer)
Format: Article
Language:Slovak
PhysicalDescription:Fotogr.
ISSN:1335-4140
Subjects:

MARC

LEADER 00000nab a2200000 a 4500
001 vtls008631564
003 SK-MaSNL
005 20260304144136.0
008 250505c2006 xo zr|p|||||||000 b|slo
015 |a SNBRB2006/03  |2 snkbucl 
035 |a (uuid)c392eb08-57e2-4650-9084-86277625e231 
035 |a urn:nbn:sk:snk-ab20lu 
035 |a (urnnbn)urn:nbn:sk:snk:ar-a01d7w 
038 |a SNKBUCL 
040 |a SNKBUCL  |b slo  |c SNKBUCL  |e AACR2 
041 0 |a slo 
044 |a xo  |c SK 
080 |a 78.071.2:787.3  |2 2001 
080 |a 787.3  |2 2001 
100 1 |a Planková, Eva  |4 ivr  |4 aut  |9 572990 
245 1 0 |a Katarína Zajacová  |b violončelo  |c pripravila Eva Planková 
300 |b Fotogr. 
500 |a Biogr. údaje 
600 1 7 |a Zajacová, Katarína,  |d 1981-  |2 snkbucl  |9 1460980 
655 7 |a rozhovory  |2 snkbucl  |9 31831 
700 1 |a Zajacová, Katarína,  |d 1981-  |4 ive  |9 1460980 
773 0 |t Hudobný život  |g Roč. XXXVIII, č. 2 (2006), s. 27-28  |x 1335-4140 
850 |a Slovenská národná knižnica 
852 |a Slovenská národná knižnica 
954 |a odborná, vedecká literatúra pôvodná (slovenská)  |2 lita 
958 |a article27 
958 |a OND 
958 |a EUIPO 
999 |c 2929617  |d 2931547